01176nam a2200253 a 450000100100000000500170001000800410002702000150006804000250008310000410010824500880014925000120023726000940024930000280034349000220037150000680039350400330046171000550049483000290054995201110057895201050068995201110079499900170090500004037020201002034105.0130823s2001 mx 000 0 spa d a9683690300 aDO-SdBNPbspacBNPHU1 aMoctezuma Barragán, Gonzalo96667010aDerechos de los usuarios de los servicios de salud /cGonzalo Moctezuma Barragán. a2a. ed. aMéxico :bUniversidad Nacional Autónoma de México :bCámara de Diputados;,c2001. a176 p. :bil. ;c22 cm.1 aNuestros derechos aIncluye datos biográficos de los autores en la contracubierta aBibliografía : p. 175- 1762 aUniversidad Nacional Autónoma de México942447 0aNuestros derechos966667 001050718MOaGRbGRcCTd2013-08-22iLF1l0o p40370-10r2020-06-25te. 3w2020-06-25y1ZNo se presta 001050718MOaGRbGRcCTd2013-08-22iLF1l0o p40370-20r2020-06-25w2020-06-25y1ZNo se presta 001050718MOaGRbGRcCTd2013-08-22iLF1l0o p40370-30r2020-06-25te. 2w2020-06-25y1ZNo se presta c39860d39860